| 000 | 00923nam2a22002531 4500 | ||
|---|---|---|---|
| 001 | RU\NLR\INFOCOMM15\5000213234 | ||
| 005 | 20250617113747.0 | ||
| 035 | _a(NLR Aleph) 002577938 | ||
| 090 |
_a3249054 _c3249054 |
||
| 100 | _a20041020d1967 |||y0rusy50 ca | ||
| 101 | 0 |
_arus _aeng |
|
| 102 | _aRU | ||
| 105 | _ay ||||000|y | ||
| 200 | 1 |
_aВзаимодействие ток х ток и полюсная модель нелептонных распадов гиперонов _fЮ. Нири и др. _gЛаборатория теорет. физики |
|
| 210 |
_d1967 _aБ. м. |
||
| 461 | 0 |
_1001RU\NLR\INFOCOMM15\1000176112 _12001#$aИздания$fОбъедин. ин-т ядерных исследований$vР2-3254 |
|
| 700 | 1 |
_aНири _bЮ. _4070 |
|
| 801 | 1 |
_aRU _bInfoComm _c20041111 |
|
| 801 | 0 |
_aRU _bNLR _gPSBO |
|
| 852 |
_aNLR _jП11/2061 |
||
| 942 | _cISSUE | ||
| 980 | _aNB | ||
| 980 | _aRUSPER | ||